000 006120000a22001810004500
003 MACL
005 20160603165404.0
008 160603b xxu||||| |||| 00| 0 eng d
040 _aMACL
_cMACL
041 _aHindi
082 _a920
100 _aडॉ जत्‍ती, बी डी
_962252
245 _aअपना आदर्श मैं हॅू
_cडॉ बी डी जत्‍ती
260 _bपीताम्‍बर पब्लिशिंग कम्‍पनी
_c1993
_aदिल्‍ली
350 _a150
650 _aAutobiography
_962253
942 _cHIN
_k920/JAT
_2ddc
999 _c21342
_d21342